000 00738cam a2200241 a 4500
001 12800035
005 20180201092832.0
008 020603s2003 njuab b 001 0 eng
010 _a 2002075346
020 _a0130488453
040 _aDLC
_cDLC
_dDLC
041 _aeng
043 _an-us---
080 _a372.83044 MAX
082 0 0 _a372.83044 MAX
_221
100 1 _a47
101 _aEDU
245 1 0 _aDynamic social studies for elementary classrooms /
_cGeorge W. Maxim.
504 _aIncludes bibliographical references and indexes.
906 _a7
_bcbc
_corignew
_d1
_eocip
_f20
_gy-gencatlg
942 _2ddc
_cBK
999 _c41559
_d41559